| 000 | 00415nam a2200157 4500 | ||
|---|---|---|---|
| 001 | 131053 | ||
| 003 | ES-MaACL | ||
| 005 | 20230906193915.0 | ||
| 007 | t| | ||
| 008 | 070214s1908 fr r ||||1| fre d | ||
| 100 | 1 |
_aRod, Edouard. _998088 |
|
| 245 | 1 | 0 |
_aAloÿse Valerien / _cEdouard Rod. |
| 260 |
_aParis : _b[s.n.], _c1908 ( _fImp. Emile Colin) |
||
| 300 |
_aVI, 306 p. ; _c19 cm. |
||
| 852 |
_aES-MaACL _jF-10983 |
||
| 999 |
_c131053 _d131053 |
||